| 000 | 00733nam a22001937a 4500 | ||
|---|---|---|---|
| 003 | LK-CoMWRAF | ||
| 005 | 20240624125612.0 | ||
| 008 | 240309b2011 |||||||| |||| 00| 0 eng d | ||
| 040 |
_aLK-CoMWRAF _dLK-CoMWRAF _eLK-CoMWRAF |
||
| 041 | _aeng | ||
| 041 | _atam | ||
| 082 |
_a923 _bDES |
||
| 245 |
_aDeshabandu Jezima Ismail: _ba collection of tributes to Mrs. Jezima Ismail on the eve of her selection as one of the 500 most influential Muslims in the world- 2010 |
||
| 260 |
_bInter religious federation of Ampara district (IRFAD), _bCouncil of senior citizens of Sainthamarutha (CSCS), _c2011 |
||
| 650 | _aEDUCATIONISTS-Sri Lanka | ||
| 650 | _aEDUCATIONISTS-Muslim women-Sri Lanka | ||
| 700 |
_aJameel, M.I.M. _eed. |
||
| 942 | _cBK | ||
| 999 |
_c4842 _d4842 |
||